000 00615nam a2200193Ia 4500
005 20250508155834.0
008 008 250505s9999 xx 000 0 eng d
037 _aDissertations
040 _aFEDL
_beng
_cFEDL
041 _aeng
_2eng
084 _a513.0791, LAK/DI
_qFEDL
100 _aLaksh Kumar
_9767616
245 0 _aConstruction of a new type achievement test in geometry for class IX of the schools of the state of the Punjab
260 _c1955
300 _a69p.
546 _aM.Ed. Dissertation (Delhi University)
942 _cDIS
_h513.0791, LAK/DI
999 _c1359544
_d1359544